Architectes par Photos - Statistiques

Statistiques générales
  • Ce quiz a été pris 186 fois
  • Le résultat moyen est 6 sur 12
Statistiques - réponses
Par images Réponse % Correct
Le Corbusier
94%
Zaha Hadid
77%
Jean Nouvel
59%
Tadao Ando
51%
Frank Lloyd Wright
45%
Renzo Piano
44%
Gustave Eiffel
39%
Ludwig Mies van der Rohe
39%
Antonio Gaudi
36%
Norman Foster
27%
Oscar Niemeyer
22%
Louis Kahn
19%
Aucun quiz correspondant
Distribution des résultats
% des personnes avec chaque résultat
Percentile par nombre de réponses
Votre historique - résultats
Vous n’avez pas pris ce quiz